000 00854nmm a2200265 a 4500
001 ocm0001411539
003 TR-IsHL
005 20201028163825.0
008 160220s2014 tu tur
007 cr cn
020 _a9786051623115
035 _a1411539
_b(N$T)
050 0 4 _aPL278.E78
_bK8 2014
090 0 4 _aPL278.E78
_bK8 2014
100 1 _aErtuğrul, Halit
245 1 0 _aKutlu Bir Aşk: Zübeyir Gündüzalp destanı
_h[electronic resource] /
_cHalit Ertuğrul
260 _aİstanbul :
_bNesil Yayınları,
_c2014
300 _a78 p.
650 4 _aDil ve Edebiyat
650 4 _aLanguage and Literature
650 0 _aTürk romanı
650 0 _aTurkish fiction
650 7 _aLITERARY COLLECTIONS / Middle Eastern
_2bisacsh
856 4 0 _uhttp://search.ebscohost.com/login.aspx?direct=true&scope=site&db=e011xww&AN=1411539
999 _c15450
_d15450